[Event "Weekend Vitinia"]
[Site "Roma ITA"]
[Date "1997.11.??"]
[Round "2"]
[White "De Blasio, Alessandro"]
[Black "Siraco, Maurizio"]
[Result "0-1"]
[WhiteElo "1570"]
[BlackElo "1911"]
[PlyCount "112"]
[EventDate "1997.11.??"]

1. e4 c5 2. Nf3 Nc6 3. d4 cxd4 4. Nxd4 Nf6 5. Nc3 g6 6. Be3 Bg7 7. Bc4 O-O 8.
Bb3 Ng4 9. Nxc6 dxc6 10. Qxd8 Rxd8 11. Bg5 Kf8 12. h3 h6 13. Bd2 Ne5 14. f4 Nd7
15. g4 Nc5 16. O-O-O Nxb3+ 17. axb3 b6 18. f5 Ba6 19. Rh2 Kg8 20. Rf2 Bd4 21.
Rf3 Kg7 22. Re1 Be5 23. g5 h5 24. Nd1 Rd7 25. Bc3 Bxc3 26. bxc3 Rad8 27. f6+
exf6 28. gxf6+ Kh6 29. e5 Be2 30. Rxe2 Rxd1+ 31. Kb2 R1d5 32. e6 fxe6 33. Rxe6
Rf8 34. f7 Kg7 35. Rff6 Rg5 36. Rxc6 Rxf7 37. Rxf7+ Kxf7 38. Rc7+ Kf6 39. Rxa7
Re5 40. Ra6 Re6 41. Ra4 g5 42. Kc1 Kf5 43. Kd2 g4 44. hxg4+ hxg4 45. Ra8 g3 46.
Rf8+ Kg4 47. Rg8+ Kf3 48. Rf8+ Kg2 49. Rg8 Kf2 50. Rf8+ Kg1 51. Rg8 g2 52. c4
Re5 53. Rg6 Kf2 54. Rf6+ Kg3 55. Rg6+ Kf3 56. b4 Re4 0-1

[Event "Weekend Vitinia"]
[Site "Roma ITA"]
[Date "1997.11.??"]
[Round "2"]
[White "De Carolis, Maurizio"]
[Black "Pezzaldi, Roberto"]
[Result "0-1"]
[WhiteElo "1702"]
[BlackElo "2095"]
[PlyCount "100"]
[EventDate "1997.11.??"]

1. d4 e6 2. Nf3 f5 3. e3 Nf6 4. Bd3 b6 5. Nbd2 Bb7 6. b3 Bb4 7. Bb2 Ne4 8. c4
O-O 9. Qc2 Na6 10. a3 Bxd2+ 11. Nxd2 Qh4 12. Nf3 Qg4 13. Rg1 d6 14. O-O-O c5
15. Kb1 Rac8 16. Ne1 Nxf2 17. Rd2 Nxd3 18. Nxd3 Be4 19. Ka2 Qg5 20. Re2 b5 21.
cxb5 cxd4 22. Qd1 Nc7 23. exd4 Nxb5 24. Rf1 Nc3+ 25. Bxc3 Rxc3 26. Nf4 Rfc8 27.
Nxe6 Rc2+ 28. Rxc2 Bxc2 29. Nxg5 Bxd1 30. Rxd1 Rc2+ 31. Kb1 Rxg2 32. h4 h6 33.
Nf3 Kf7 34. Rd2 Rg3 35. Rd3 Kf6 36. Kc2 g5 37. hxg5+ hxg5 38. b4 Rh3 39. b5 g4
40. Ne1 Rh1 41. Ng2 Kg5 42. Kc3 f4 43. Kb4 f3 44. Ne3 f2 45. Ka5 g3 46. Rd2 Re1
47. Rd3 Rxe3 48. Rxe3 f1=Q 49. Rxg3+ Kf6 50. Rg4 Qc4 0-1

[Event "Weekend Vitinia"]
[Site "Roma ITA"]
[Date "1997.11.??"]
[Round "2"]
[White "Del Castello, Lucio"]
[Black "Lavieri, Doriano"]
[Result "1/2-1/2"]
[WhiteElo "1552"]
[BlackElo "1855"]
[PlyCount "104"]
[EventDate "1997.11.??"]

1. e4 c6 2. d4 d5 3. exd5 cxd5 4. Bd3 Nc6 5. c3 Qc7 6. Nf3 Bg4 7. Nbd2 e6 8.
O-O Bd6 9. Qe2 Bxh2+ 10. Kh1 Bd6 11. Re1 Nge7 12. Nf1 Ng6 13. g3 Nce7 14. Kg2
e5 15. dxe5 Nxe5 16. Bb5+ N5c6 17. Ne3 Be6 18. Nd4 O-O-O 19. Bd2 Kb8 20. Rac1
h5 21. Rh1 h4 22. Nxe6 fxe6 23. Qg4 hxg3 24. fxg3 Qb6 25. Bxc6 Qxc6 26. Rxh8
Rxh8 27. Qf3 Ng6 28. Kg1 Ne5 29. Qg2 Bc5 30. Kf1 Qb5+ 31. c4 Qxb2 32. Ng4 Rf8+
33. Ke1 Nd3+ 34. Kd1 Nxc1 35. Bf4+ Rxf4 36. Qxb2 Rxg4 37. Qxc1 d4 38. Ke2 Re4+
39. Kf1 a6 40. Qg5 Bb6 41. c5 Bc7 42. Qxg7 e5 43. c6 bxc6 44. Qg6 Re3 45. Qxc6
Rxg3 46. Qxa6 Re3 47. Qb5+ Kc8 48. a4 d3 49. Qe8+ Kb7 50. Qb5+ Ka7 51. a5 d2
52. Qc5+ Ka6 1/2-1/2

[Event "Weekend Vitinia"]
[Site "Roma ITA"]
[Date "1997.11.??"]
[Round "2"]
[White "Di Lascio, Savino"]
[Black "Chiaretti, Roberto"]
[Result "0-1"]
[WhiteElo "1708"]
[BlackElo "2150"]
[PlyCount "98"]
[EventDate "1997.11.??"]

1. Nf3 d5 2. g3 c6 3. Bg2 Nf6 4. O-O Bf5 5. d3 h6 6. Nbd2 e6 7. c3 Be7 8. Re1
O-O 9. Qb3 Qc8 10. e4 Bh7 11. exd5 cxd5 12. c4 Nc6 13. cxd5 Nxd5 14. Nc4 Ndb4
15. Nfe5 Nd4 16. Qc3 Nbc2 17. Be3 Bb4 18. Nd6 Bxd6 19. Bxd4 Qxc3 20. bxc3 Nxa1
21. Rxa1 f6 22. Nc4 Bc7 23. Bxb7 Rab8 24. Be4 Bxe4 25. dxe4 a6 26. f4 Rfc8 27.
e5 f5 28. Kf2 Bd8 29. Nd6 Rc6 30. c4 Bb6 31. Ke3 Bxd4+ 32. Kxd4 Kf8 33. h3 Rb2
34. g4 fxg4 35. hxg4 Rg2 36. g5 hxg5 37. fxg5 Rxg5 38. Rf1+ Kg8 39. Rf4 Rg2 40.
a3 Rg3 41. Nf7 Rxa3 42. Nd8 Rxc4+ 43. Kxc4 Ra4+ 44. Kc5 Rxf4 45. Nxe6 Rh4 46.
Kd6 Kf7 47. Kd7 Rh1 48. Nd4 Rd1 49. e6+ Kf6 0-1

[Event "Weekend Vitinia"]
[Site "Roma ITA"]
[Date "1997.11.??"]
[Round "2"]
[White "Ferretti, Folco"]
[Black "Michelena, Rodolfo"]
[Result "1-0"]
[WhiteElo "2285"]
[BlackElo "1813"]
[PlyCount "39"]
[EventDate "1997.11.??"]

1. e4 e5 2. Nf3 d6 3. d4 Bg4 4. dxe5 Nd7 5. exd6 Bxd6 6. Be2 Ngf6 7. Nd4 Bxe2
8. Qxe2 g6 9. Bh6 Qe7 10. Nc3 Bb4 11. Ndb5 Qc5 12. O-O a6 13. Be3 Qc6 14. Nd4
Qd6 15. f4 Qf8 16. e5 Nh5 17. Nd5 Ba5 18. e6 Ndf6 19. Qc4 O-O-O 20. e7 1-0

[Event "Weekend Vitinia"]
[Site "Roma ITA"]
[Date "1997.11.??"]
[Round "2"]
[White "Ferri, Stefano"]
[Black "Scacco, Mauro"]
[Result "1-0"]
[WhiteElo "1901"]
[BlackElo "2045"]
[PlyCount "111"]
[EventDate "1997.11.??"]

1. d4 Nf6 2. Bf4 g6 3. Nf3 Bg7 4. e3 d6 5. Bd3 O-O 6. Nbd2 Na6 7. O-O c5 8. c3
b6 9. Qe2 Nc7 10. e4 cxd4 11. cxd4 Ne6 12. Be3 Nh5 13. g3 Nf6 14. Nh4 Bb7 15.
f4 d5 16. e5 Ne4 17. f5 N6g5 18. Ndf3 Nxf3+ 19. Rxf3 Rc8 20. Raf1 Rc7 21. g4 g5
22. f6 exf6 23. exf6 gxh4 24. fxg7 Re8 25. Qg2 Bc8 26. Bf4 Rc6 27. Bb5 Rg6 28.
Bxe8 Qxe8 29. h3 h5 30. g5 f6 31. Kh2 Rxg7 32. Qe2 Qg6 33. gxf6 Ba6 34. Qc2
Qxf6 35. Be5 Qg6 36. Bxg7 Bxf1 37. Be5 Ba6 38. Qg2 Qxg2+ 39. Kxg2 Be2 40. Re3
Bd1 41. b3 Kf7 42. Kf1 Ng5 43. Ke1 Bc2 44. Rc3 Be4 45. Rc7+ Ke6 46. Rxa7 Nxh3
47. Rb7 Ng5 48. Rxb6+ Kf5 49. a4 h3 50. Kf2 Ne6 51. Kg3 Bg2 52. a5 Ng5 53. Rf6+
Ke4 54. a6 Kd3 55. Kh4 Ne4 56. a7 1-0

[Event "Weekend Vitinia"]
[Site "Roma ITA"]
[Date "1997.11.??"]
[Round "2"]
[White "Iacoacci, Giancarlo"]
[Black "Cenni, Franco"]
[Result "0-1"]
[WhiteElo "1600"]
[BlackElo "1663"]
[PlyCount "128"]
[EventDate "1997.11.??"]

1. d4 d5 2. Nf3 Nf6 3. e3 Bg4 4. Nbd2 e6 5. Bd3 Nbd7 6. O-O c5 7. c3 Rc8 8. Qa4
Bxf3 9. Nxf3 c4 10. Bb1 a6 11. Re1 Bd6 12. e4 Nxe4 13. Bxe4 dxe4 14. Rxe4 O-O
15. Qc2 Be7 16. Bd2 Re8 17. Rae1 Nf6 18. R4e2 Qa5 19. b4 cxb3 20. axb3 Qh5 21.
Re5 Qg6 22. Qxg6 hxg6 23. h3 b5 24. Ra1 Rc6 25. Rc1 Rec8 26. b4 Nd5 27. Ra1
Nxc3 28. Bxc3 Rxc3 29. Rxa6 Rb8 30. d5 Bf6 31. d6 Rxf3 32. Rc5 Rd3 33. Rcc6 Rd8
34. Rab6 Rd1+ 35. Kh2 Be5+ 36. g3 R8xd6 37. Rc8+ Kh7 38. Rxb5 R6d5 39. Rb7 Rd7
40. Rb5 R1d5 41. Rb6 g5 42. Rc1 Bd4 43. Rbc6 Bxf2 44. R1c2 Be1 45. R6c4 Rd2+
46. Kg1 Rxc2 47. Rxc2 Bxb4 48. g4 Rd1+ 49. Kf2 Rd2+ 50. Rxd2 Bxd2 51. Kf3 Kg6
52. Ke4 Kf6 53. Kd4 e5+ 54. Kd3 Ba5 55. Ke4 Ke6 56. Kd3 Kd5 57. Ke3 g6 58. Kd3
f5 59. Ke3 f4+ 60. Kf3 e4+ 61. Ke2 Kd4 62. Kf2 Kd3 63. Kf1 e3 64. h4 gxh4 0-1

[Event "Weekend Vitinia"]
[Site "Roma ITA"]
[Date "1997.11.??"]
[Round "2"]
[White "Luzi, Alessandro"]
[Black "Galeno, Giorgio"]
[Result "0-1"]
[WhiteElo "1540"]
[BlackElo "1764"]
[PlyCount "64"]
[EventDate "1997.11.??"]

1. e4 d6 2. d4 Nf6 3. Nc3 g6 4. f4 Bg7 5. Nf3 O-O 6. Be3 Na6 7. Be2 Ng4 8. Bxa6
Nxe3 9. Qe2 Nxc2+ 10. Qxc2 bxa6 11. Nd5 Bb7 12. Ne3 c5 13. dxc5 Rc8 14. O-O
Rxc5 15. Qd3 Qb6 16. Kh1 Rfc8 17. Rab1 Qb5 18. Qd2 Bxe4 19. Rbd1 Qxb2 20. Qe1
Bxf3 21. Rxf3 Rc1 22. Rf1 Rxd1 23. Qxd1 Qxa2 24. Nd5 Re8 25. Nc7 Rd8 26. Nd5 e6
27. Nb4 Qc4 28. Nc2 d5 29. Ne3 Qc3 30. Rf3 Qd4 31. Qe1 Rc8 32. h3 Qa1 0-1

[Event "Weekend Vitinia"]
[Site "Roma ITA"]
[Date "1997.11.??"]
[Round "2"]
[White "Marta, Daniele"]
[Black "Steinfl, Alessandro"]
[Result "0-1"]
[WhiteElo "1816"]
[BlackElo "2270"]
[PlyCount "42"]
[EventDate "1997.11.??"]

1. d4 c5 2. e3 g6 3. Nf3 Bg7 4. c4 Nh6 5. Nc3 O-O 6. Be2 cxd4 7. Nxd4 d6 8. O-O
Nc6 9. Nf3 Bd7 10. Qd2 Rc8 11. Rd1 Na5 12. b3 b5 13. Bb2 bxc4 14. b4 Nc6 15. a3
Ne5 16. Nxe5 Bxe5 17. f4 Bg7 18. e4 Ng4 19. Nd5 c3 20. Bxc3 Bxc3 21. Nxc3 Qb6+
0-1

[Event "Weekend Vitinia"]
[Site "Roma ITA"]
[Date "1997.11.??"]
[Round "2"]
[White "Mastroddi, Emiliano"]
[Black "Abuhamdieh, Arafat"]
[Result "1-0"]
[WhiteElo "1753"]
[BlackElo "1294"]
[PlyCount "111"]
[EventDate "1997.11.??"]

1. d4 d5 2. c4 e6 3. Nc3 c6 4. Nf3 Nf6 5. Bg5 Be7 6. e3 O-O 7. Bd3 dxc4 8. Bxc4
b5 9. Bb3 Ba6 10. O-O Nbd7 11. Re1 Nd5 12. Bxe7 Qxe7 13. e4 Nf4 14. Qd2 Ng6 15.
Rac1 Bb7 16. d5 exd5 17. exd5 Qd8 18. dxc6 Bxc6 19. Ne4 Qb6 20. Rxc6 Qxc6 21.
Bd5 Qc7 22. Rc1 Qf4 23. Bxa8 Qxd2 24. Nfxd2 Rxa8 25. Rc7 Nde5 26. g3 Rd8 27. f4
Nd3 28. b3 f5 29. Ng5 Ndxf4 30. gxf4 Rxd2 31. Rc8+ Nf8 32. Ne6 Kf7 33. Nxf8 h5
34. Nh7 Rxa2 35. Ng5+ Ke7 36. Rc5 b4 37. Rxf5 Kd6 38. Nf3 g6 39. Rg5 Rb2 40.
Nd4 Ra2 41. Rxg6+ Kd5 42. Ne6 a5 43. Ng7 Ke4 44. f5 a4 45. bxa4 b3 46. Rb6 b2
47. f6 Ra1+ 48. Kf2 b1=Q 49. Rxb1 Rxb1 50. f7 Rb8 51. Ne8 Rb2+ 52. Kg3 h4+ 53.
Kxh4 Rxh2+ 54. Kg5 Rf2 55. Nf6+ Ke5 56. f8=Q 1-0

[Event "Weekend Vitinia"]
[Site "Roma ITA"]
[Date "1997.11.??"]
[Round "2"]
[White "Montecchi, Ugo"]
[Black "Passerotti, Pierluigi"]
[Result "1-0"]
[WhiteElo "1833"]
[BlackElo "2310"]
[PlyCount "79"]
[EventDate "1997.11.??"]

1. e4 c5 2. d4 e6 3. Nf3 cxd4 4. c3 Nf6 5. e5 Nd5 6. Bc4 Nb6 7. Bd3 dxc3 8.
Nxc3 d5 9. exd6 Bxd6 10. O-O N8d7 11. Ng5 Nf6 12. Bb5+ Kf8 13. Be3 Nbd5 14. Qf3
Nxc3 15. bxc3 Qc7 16. Rfd1 Bxh2+ 17. Kh1 h6 18. Ne4 Be5 19. Bc5+ Kg8 20. Bd6
Bxd6 21. Nxd6 Rb8 22. Ne8 Qe7 23. Qg3 Nxe8 24. Qxb8 Qc7 25. Qxc7 Nxc7 26. Bd7
Kh7 27. Rab1 b6 28. c4 Kg6 29. c5 bxc5 30. Rb8 Bxd7 31. Rxh8 Bb5 32. Rc8 Na6
33. Ra8 Nb4 34. Rxa7 Nd3 35. Kg1 c4 36. a4 Bc6 37. a5 e5 38. Ra6 Nb4 39. Rd6+
Kf5 40. Rdxc6 1-0

[Event "Weekend Vitinia"]
[Site "Roma ITA"]
[Date "1997.11.??"]
[Round "2"]
[White "Moroni, Marco"]
[Black "Buffoni, Luca"]
[Result "1-0"]
[WhiteElo "1806"]
[BlackElo "1651"]
[PlyCount "67"]
[EventDate "1997.11.??"]

1. e4 e5 2. Nf3 Nf6 3. Nc3 Bb4 4. Bc4 O-O 5. O-O Nc6 6. a3 Be7 7. d4 exd4 8.
Nxd4 Nxd4 9. Qxd4 d6 10. Bg5 Nd7 11. Bxe7 Qxe7 12. f4 Nf6 13. Be2 c6 14. Rad1
Bg4 15. Bxg4 Nxg4 16. h3 Nf6 17. Qxd6 Qxd6 18. Rxd6 Rad8 19. Rfd1 Rde8 20. e5
Nh5 21. Ne2 g6 22. Rd7 f6 23. g4 Ng7 24. Rxb7 fxe5 25. Rdd7 Ne6 26. fxe5 Rf3
27. Re7 Ref8 28. Rxe6 Rf1+ 29. Kg2 R8f2+ 30. Kg3 Rxe2 31. Rxc6 Rxe5 32. Rc8+
Rf8 33. Rxf8+ Kxf8 34. Rxa7 1-0

[Event "Weekend Vitinia"]
[Site "Roma ITA"]
[Date "1997.11.??"]
[Round "2"]
[White "Palombi, Roberto"]
[Black "Spano' Cuomo, Gaetano"]
[Result "1-0"]
[WhiteElo "2055"]
[BlackElo "1641"]
[PlyCount "67"]
[EventDate "1997.11.??"]

1. d4 Nf6 2. Nf3 e6 3. g3 d5 4. Bg2 c5 5. O-O Nc6 6. Bg5 h6 7. Bxf6 Qxf6 8. e3
Bd6 9. Nc3 cxd4 10. exd4 O-O 11. Nb5 Bb8 12. a4 Bd7 13. c3 Ne7 14. Re1 Ng6 15.
Na3 a6 16. Nc2 Bd6 17. Qd2 b5 18. a5 Rab8 19. b4 Rbc8 20. Rac1 Rc7 21. Re2 Rfc8
22. Re3 h5 23. Rce1 Nf8 24. Na1 g5 25. Nb3 g4 26. Nh4 Be7 27. Nc5 Ra7 28. Re5
Qh8 29. Nf5 Bf6 30. Nh6+ Kg7 31. Rxh5 Kg6 32. Ree5 Nh7 33. Nxg4 Bxe5 34. Qh6#
1-0

[Event "Weekend Vitinia"]
[Site "Roma ITA"]
[Date "1997.11.??"]
[Round "2"]
[White "Perotti, Germano"]
[Black "Ludovici, Roberto"]
[Result "1-0"]
[WhiteElo "1630"]
[BlackElo "1728"]
[PlyCount "39"]
[EventDate "1997.11.??"]

1. d4 Nf6 2. c4 g6 3. Nc3 d5 4. Nf3 Bg7 5. cxd5 Nxd5 6. e4 Nxc3 7. bxc3 O-O 8.
Rb1 c5 9. Be2 Nc6 10. d5 Bxc3+ 11. Bd2 Bxd2+ 12. Qxd2 Nb8 13. h4 Nd7 14. h5 Nf6
15. hxg6 Nxe4 16. Qh6 Nf6 17. Ng5 Bf5 18. Nxh7 fxg6 19. Ng5 Qa5+ 20. Kf1 1-0

[Event "Weekend Vitinia"]
[Site "Roma ITA"]
[Date "1997.11.??"]
[Round "2"]
[White "Ricca, Roberto"]
[Black "Ridolfi, Raffaele"]
[Result "1-0"]
[WhiteElo "2145"]
[BlackElo "1633"]
[PlyCount "51"]
[EventDate "1997.11.??"]

1. e4 c6 2. d3 d5 3. Nd2 dxe4 4. dxe4 Nf6 5. b3 Bg4 6. f3 Bh5 7. Bb2 e6 8. Ne2
Qc7 9. h4 h6 10. Nc4 Nbd7 11. Qd2 Bg6 12. O-O-O O-O-O 13. Nf4 Bh7 14. Be2 Ne8
15. Nd3 f6 16. Qe3 b6 17. Rd2 Bg8 18. Rhd1 Be7 19. e5 Bf7 20. Nf4 fxe5 21. Nxe5
Nxe5 22. Rxd8+ Bxd8 23. Ba6+ Kb8 24. Bxe5 Bxh4 25. Qd4 Bf6 26. Qd8+ 1-0

[Event "Weekend Vitinia"]
[Site "Roma ITA"]
[Date "1997.11.??"]
[Round "2"]
[White "Rotondi, Paolo"]
[Black "Mazziotto, Nicola"]
[Result "0-1"]
[WhiteElo "1660"]
[BlackElo "1570"]
[PlyCount "86"]
[EventDate "1997.11.??"]

1. c4 c5 2. Nc3 Nc6 3. g3 g6 4. Bg2 Bg7 5. Nf3 Nf6 6. O-O O-O 7. a3 d5 8. cxd5
Nxd5 9. Nxd5 Qxd5 10. d3 Rd8 11. Ng5 Qd7 12. Qb3 e6 13. Be3 Nd4 14. Bxd4 Qxd4
15. Rab1 Rb8 16. Ne4 b6 17. Qc2 Bb7 18. b4 Rbc8 19. bxc5 Bxe4 20. Bxe4 Rxc5 21.
Qa2 Rdc8 22. Bf3 Rc2 23. Qb3 Bf8 24. a4 R8c5 25. Ra1 Rb2 26. Qd1 Ra5 27. e3 Qd7
28. d4 Rb4 29. Qc2 Bg7 30. Bc6 Qd6 31. Rac1 e5 32. dxe5 Qxe5 33. Qd3 Rc5 34.
Qd8+ Bf8 35. Rxc5 bxc5 36. Rd1 c4 37. Qh4 c3 38. e4 c2 39. Rc1 Rb1 40. Bd5
Rxc1+ 41. Kg2 Rd1 42. Bxf7+ Kxf7 43. Qxh7+ Qg7 0-1

[Event "Weekend Vitinia"]
[Site "Roma ITA"]
[Date "1997.11.??"]
[Round "2"]
[White "Scagliarini, Bruno"]
[Black "Casella, Carlo"]
[Result "0-1"]
[WhiteElo "1974"]
[BlackElo "1588"]
[PlyCount "64"]
[EventDate "1997.11.??"]

1. c4 e5 2. g3 Nf6 3. Bg2 c6 4. d4 exd4 5. Qxd4 Be7 6. Nh3 d6 7. Nc3 c5 8. Qd1
Nc6 9. Nf4 Bf5 10. O-O Rb8 11. Nfd5 h5 12. Nxe7 Qxe7 13. Bg5 Be6 14. Ne4 Rd8
15. Bxf6 gxf6 16. Qa4 Kf8 17. e3 a6 18. Qc2 Bf5 19. f3 h4 20. g4 Bxe4 21. fxe4
h3 22. Bh1 Ne5 23. Bf3 Qe6 24. b3 Rg8 25. Kh1 Ke7 26. Rad1 Nxg4 27. Bxg4 Rxg4
28. Rf4 Rg2 29. Qd3 Qe5 30. Rb1 Rxa2 31. Rbf1 Rg8 32. R4f2 Rg2 0-1

[Event "Weekend Vitinia"]
[Site "Roma ITA"]
[Date "1997.11.??"]
[Round "2"]
[White "Vannelli, Vittorio"]
[Black "Galdelli, Fabiano"]
[Result "1/2-1/2"]
[WhiteElo "1636"]
[BlackElo "1738"]
[PlyCount "124"]
[EventDate "1997.11.??"]

1. e4 c5 2. Nf3 d6 3. d4 cxd4 4. Qxd4 Nc6 5. Bb5 Bd7 6. Bxc6 Bxc6 7. c4 Qc7 8.
Nc3 Nf6 9. O-O g6 10. b3 Bg7 11. Bb2 O-O 12. Nd5 Bxd5 13. exd5 Qa5 14. Bc3 Qc5
15. Qh4 Qc8 16. Rae1 Re8 17. Ng5 Qg4 18. Qxg4 Nxg4 19. Bxg7 Kxg7 20. f4 Nf6 21.
Re2 h6 22. Nf3 a5 23. Nd4 Rac8 24. Nb5 Nd7 25. Rfe1 Kf8 26. Nc3 Nc5 27. Re3 Na6
28. f5 gxf5 29. Rf3 e6 30. dxe6 Rxe6 31. Rxe6 fxe6 32. g4 Rc5 33. Ne4 Re5 34.
Nxd6 Ke7 35. Nxb7 fxg4 36. Rf4 h5 37. c5 Nxc5 38. Nxa5 Ke8 39. Nc4 Re2 40. Rf2
Re1+ 41. Rf1 Re2 42. Rf2 Re1+ 43. Rf1 Nd3 44. Rxe1 Nxe1 45. Kf2 Nd3+ 46. Kg3
Kf7 47. a4 Nc5 48. a5 Na6 49. b4 Nxb4 50. Kh4 Kf6 51. Kxh5 Kf5 52. Nd6+ Kf4 53.
Nb7 Na6 54. Nd6 e5 55. Kh4 Nb4 56. Kh5 g3 57. hxg3+ Kxg3 58. Kg5 Kf3 59. Kf5
Ke3 60. Nc4+ Kd4 61. Nxe5 Kc5 62. Ke6 Kb5 1/2-1/2

[Event "Weekend Vitinia"]
[Site "Roma ITA"]
[Date "1997.11.??"]
[Round "2"]
[White "Viscardi, Riccardo"]
[Black "Simeoni, Matteo"]
[Result "0-1"]
[WhiteElo "1600"]
[BlackElo "1830"]
[PlyCount "100"]
[EventDate "1997.11.??"]

1. d4 f5 2. g3 Nf6 3. c4 e6 4. Bg2 Bb4+ 5. Bd2 Be7 6. Nf3 O-O 7. O-O d6 8. Nc3
Qe8 9. Nb5 Bd8 10. Bg5 Nbd7 11. Nc3 e5 12. dxe5 dxe5 13. Nd5 h6 14. Bxf6 Nxf6
15. Rc1 e4 16. Ne1 c6 17. Nxf6+ Bxf6 18. Qb3 Qe7 19. Nc2 Be6 20. Na3 Rad8 21.
Rfd1 Bf7 22. Qc2 Be5 23. Nb1 Qf6 24. b3 Bg6 25. Rxd8 Rxd8 26. Rd1 Rf8 27. e3
Be8 28. Qd2 Bh5 29. Re1 Rd8 30. Qc2 Qg5 31. Nc3 Rd3 32. Ne2 Qd8 33. Nf4 Rd2 34.
Qb1 Bxf4 35. gxf4 Qh4 36. Rf1 Be2 37. Qc1 Rxa2 38. Qb1 Rd2 39. Qc1 Qg4 40. h3
Qg6 41. Kh1 Bxf1 42. Qxf1 Qd6 43. Kh2 g5 44. Kg3 gxf4+ 45. exf4 Rd3+ 46. f3
Rxb3 47. Qc1 Qg6+ 48. Kf2 e3+ 49. Kg1 Qd6 50. c5 Qd5 0-1

[Event "Weekend Vitinia"]
[Site "Roma ITA"]
[Date "1997.11.??"]
[Round "2"]
[White "Viscogliosi, Enzo"]
[Black "Quimi, Marco"]
[Result "0-1"]
[WhiteElo "1732"]
[BlackElo "2240"]
[PlyCount "112"]
[EventDate "1997.11.??"]

1. d4 Nf6 2. Nf3 d5 3. c4 c6 4. cxd5 cxd5 5. Nc3 Nc6 6. e3 Bf5 7. Bd3 Bxd3 8.
Qxd3 e6 9. O-O Bd6 10. a3 Rc8 11. b4 O-O 12. Bb2 a6 13. Rac1 Nb8 14. Rc2 b5 15.
Rfc1 Rc4 16. Nd2 Rc7 17. Nb3 Nbd7 18. Na5 Nb6 19. h3 Nc4 20. Nxc4 Rxc4 21. Nb1
Ne4 22. Nd2 Nxd2 23. Qxd2 Bb8 24. Rxc4 bxc4 25. f4 Qd7 26. Qd1 Bd6 27. Bc3 Rb8
28. Rb1 h6 29. h4 Be7 30. g3 Qe8 31. Kg2 Bd6 32. Qc2 f6 33. Qd1 Qg6 34. Rb2
Qe4+ 35. Kf2 Re8 36. Qb1 Qxb1 37. Rxb1 h5 38. a4 Rb8 39. b5 axb5 40. axb5 Kf7
41. Ke2 Ke8 42. Kd2 Kd7 43. Kc2 Kc8 44. Rb2 Ra8 45. Rb1 Kb7 46. Bd2 Ra2+ 47.
Kc3 f5 48. b6 Ra6 49. Kc2 Rxb6 50. Ra1 Ra6 51. Rb1+ Kc6 52. Kc3 Ra3+ 53. Kc2
Ra2+ 54. Kc3 Bc7 55. Rb2 Ba5+ 56. Kc2 Rxb2+ 0-1

[Event "Weekend Vitinia"]
[Site "Roma ITA"]
[Date "1997.11.??"]
[Round "3"]
[White "Abuhamdieh, Arafat"]
[Black "Iacoacci, Giancarlo"]
[Result "0-1"]
[WhiteElo "1294"]
[BlackElo "1600"]
[PlyCount "110"]
[EventDate "1997.11.??"]

1. c4 Nf6 2. Nc3 g6 3. b3 Bg7 4. Bb2 O-O 5. Rb1 d6 6. d3 c5 7. Nf3 Nc6 8. g3 a6
9. a3 Rb8 10. a4 Qa5 11. Bg2 Ng4 12. Qc1 Nd4 13. Ba1 Nc6 14. O-O Nb4 15. h3 Ne5
16. Nxe5 Bxe5 17. Qd1 Qd8 18. Ne4 Bg7 19. Bxg7 Kxg7 20. d4 b6 21. d5 b5 22.
axb5 axb5 23. Nd2 Qe8 24. Qc1 f6 25. g4 Qf7 26. Qc3 h6 27. Qg3 Kh7 28. f4 f5
29. e4 Nc2 30. e5 Nd4 31. Rf2 Ba6 32. e6 Qg7 33. Qh4 bxc4 34. bxc4 Rxb1+ 35.
Nxb1 Bxc4 36. Nd2 Bb5 37. Bf1 Bxf1 38. Kxf1 Rb8 39. Nf3 Nxf3 40. Rxf3 Qa1+ 41.
Kg2 Rb2+ 42. Rf2 Rxf2+ 43. Qxf2 Qf6 44. Kg3 Kg7 45. Qe3 Qd4 46. Qxd4+ cxd4 47.
Kf3 Kf6 48. Ke2 fxg4 49. hxg4 h5 50. gxh5 gxh5 51. Kd3 Kf5 52. Kxd4 Kxf4 53.
Kd3 h4 54. Ke2 Ke4 55. Kf2 Kxd5 0-1

[Event "Weekend Vitinia"]
[Site "Roma ITA"]
[Date "1997.11.??"]
[Round "3"]
[White "Barro, Carlo"]
[Black "Perotti, Germano"]
[Result "1-0"]
[WhiteElo "1747"]
[BlackElo "1630"]
[PlyCount "75"]
[EventDate "1997.11.??"]

1. Nf3 Nf6 2. g3 g6 3. Bg2 Bg7 4. d3 d5 5. Nbd2 c5 6. O-O O-O 7. h3 Nc6 8. c4
d4 9. a3 a5 10. Ng5 Bd7 11. Nge4 Nxe4 12. Nxe4 h6 13. Nxc5 Bc8 14. Rb1 Qc7 15.
b4 axb4 16. axb4 Nxb4 17. Rxb4 Qxc5 18. Rb5 Qc7 19. Bd2 Ra2 20. e4 Bd7 21. Rb1
Rfa8 22. Bb4 Ba4 23. Qf3 Bc6 24. Qg4 Bd7 25. Qh4 e5 26. g4 Bc6 27. Bf3 b5 28.
c5 Qd8 29. Qxd8+ Rxd8 30. Bd1 Kf8 31. Bb3 Ra6 32. f4 Rd7 33. f5 gxf5 34. Rxf5
Rda7 35. Rbf1 Be8 36. Kg2 Ra1 37. c6+ Kg8 38. c7 1-0

[Event "Weekend Vitinia"]
[Site "Roma ITA"]
[Date "1997.11.??"]
[Round "3"]
[White "Buffoni, Luca"]
[Black "Galdelli, Fabiano"]
[Result "0-1"]
[WhiteElo "1651"]
[BlackElo "1738"]
[PlyCount "79"]
[EventDate "1997.11.??"]

1. e4 c5 2. Nc3 Nc6 3. g3 g6 4. Bg2 Bg7 5. Nge2 Nf6 6. d3 d6 7. h3 a6 8. Be3
Bd7 9. Qd2 h6 10. O-O Rb8 11. f4 Qc8 12. Kh2 e6 13. Rae1 Ng8 14. d4 Nce7 15.
dxc5 dxc5 16. e5 Nf5 17. Ne4 Bf8 18. Bg1 h5 19. Rd1 Qc7 20. Nxc5 Bxc5 21. Bxc5
Rd8 22. Bf2 Nge7 23. Nc3 O-O 24. Ne4 Bb5 25. Nf6+ Kh8 26. Qc1 Bxf1 27. Rxf1 Nd4
28. Bxd4 Rxd4 29. f5 Kg7 30. Nxh5+ Kh7 31. Nf6+ Kg7 32. Ng4 Nxf5 33. Rxf5 Rxg4
34. hxg4 exf5 35. gxf5 Rh8+ 36. Kg1 Qxe5 37. fxg6 fxg6 38. Qf4 Qc5+ 39. Kf1 Rf8
40. Qxf8+ 0-1

[Event "Weekend Vitinia"]
[Site "Roma ITA"]
[Date "1997.11.??"]
[Round "3"]
[White "Campagna, Maurizio"]
[Black "Mastroddi, Emiliano"]
[Result "1-0"]
[WhiteElo "1573"]
[BlackElo "1753"]
[PlyCount "99"]
[EventDate "1997.11.??"]

1. d4 d5 2. c4 c6 3. e3 Nf6 4. Nc3 e6 5. a3 Be7 6. Nf3 O-O 7. Qc2 Nbd7 8. c5
Qc7 9. Be2 e5 10. b4 e4 11. Nd2 Ne8 12. b5 f5 13. f4 exf3 14. Nxf3 Nef6 15. O-O
Ne4 16. Bb2 Rf6 17. Qd1 Rh6 18. Qe1 g5 19. Nxe4 fxe4 20. Ne5 Nxe5 21. Qg3 Nf3+
22. gxf3 Qxg3+ 23. hxg3 exf3 24. Bxf3 g4 25. Bg2 Bg5 26. Rae1 Be6 27. a4 Rf8
28. Rxf8+ Kxf8 29. e4 dxe4 30. Rxe4 Bc4 31. Re5 Bf6 32. Rf5 Ke7 33. bxc6 bxc6
34. Be4 Kd7 35. Rf4 Be6 36. Bxh7 Bg5 37. Rf5 Bxf5 38. Bxf5+ Kc7 39. Bxg4 Be3+
40. Kg2 Rf6 41. Bf3 Kb7 42. d5 Rf5 43. g4 Rg5 44. Bf6 Rg6 45. dxc6+ Kc7 46.
Be5+ Kc8 47. c7 Bxc5 48. Kf1 Bd6 49. Be4 Bc5 50. Bxg6 1-0

[Event "Weekend Vitinia"]
[Site "Roma ITA"]
[Date "1997.11.??"]
[Round "3"]
[White "Casella, Carlo"]
[Black "Corvi, Marco"]
[Result "0-1"]
[WhiteElo "1588"]
[BlackElo "2260"]
[PlyCount "94"]
[EventDate "1997.11.??"]

1. e4 Nf6 2. e5 Nd5 3. d4 d6 4. exd6 cxd6 5. Nf3 g6 6. Bb5+ Bd7 7. Bxd7+ Qxd7
8. O-O Bg7 9. c3 O-O 10. Na3 Nc6 11. Nc2 e6 12. Ne3 Nce7 13. Re1 b5 14. Bd2
Rfc8 15. a3 a5 16. Qb3 a4 17. Qd1 Nb6 18. Rb1 Ned5 19. Nxd5 Nxd5 20. Bg5 h6 21.
Bh4 f5 22. h3 Re8 23. Bg3 Rac8 24. Rc1 Qc6 25. Qd3 Nb6 26. Rc2 Qc4 27. Qxc4
Nxc4 28. Rce2 Kf7 29. Bf4 g5 30. Bc1 e5 31. dxe5 dxe5 32. Rd1 Rcd8 33. Rde1 e4
34. Nd2 Ne5 35. Nf1 Nd3 36. Rd1 Nf4 37. Red2 Rxd2 38. Rxd2 Nd3 39. Rd1 f4 40.
Nh2 Bf8 41. Ng4 h5 42. Nh2 Bc5 43. Kf1 Bxf2 44. Ke2 Bc5 45. Nf1 Rd8 46. Nd2
Nxc1+ 47. Rxc1 Rxd2+ 0-1

[Event "Weekend Vitinia"]
[Site "Roma ITA"]
[Date "1997.11.??"]
[Round "3"]
[White "Chiaretti, Roberto"]
[Black "Montecchi, Ugo"]
[Result "1-0"]
[WhiteElo "2150"]
[BlackElo "1833"]
[PlyCount "83"]
[EventDate "1997.11.??"]

1. e4 c5 2. c3 Nf6 3. e5 Nd5 4. d4 cxd4 5. cxd4 d6 6. Bc4 Nb6 7. Bb5+ Bd7 8. e6
fxe6 9. Bd3 Qc7 10. Nc3 Na6 11. Qh5+ Kd8 12. a3 Be8 13. Qe2 Nd5 14. Bd2 Qb6 15.
Nxd5 exd5 16. Nf3 Nc7 17. a4 Qc6 18. O-O Qd7 19. Rfc1 g6 20. Ra3 Bg7 21. Rac3
Qe6 22. Rxc7 Qxe2 23. Bxe2 Bc6 24. Ba5 Ke8 25. b4 a6 26. Bb6 Bxa4 27. Rxb7 Kf7
28. Rcc7 Bf6 29. g4 h6 30. h4 g5 31. h5 Rhc8 32. Bd3 Rxc7 33. Rxc7 Bd1 34. Kg2
Rb8 35. Ba5 Bxf3+ 36. Kxf3 Bxd4 37. Bxa6 Ke6 38. Rc8 Rxc8 39. Bxc8+ Ke5 40. b5
Ba7 41. Bc7 d4 42. b6 1-0